LEADER 00746nam a2200205 i 4500 001 000000177674 003 CaOOAMICUS 005 20090217000000.0 008 090217s1962 it u000 u ita u 013 $a155242 040 $aSeMil$bita 245 10$aLibri 15.-20. 300 $a383 p. 490 0 $aProsatori di Roma 700 1 $aSeneca, Lucius Anneus,$d<4 a.C.-65 d.C.>.$0(OLS)http://semarc/name/764 773 0 $aSeneca, Lucius Anneus <4 a.C.-65 d.C.>$tLettere a Lucilio.$dBologna : Zanichelli, 1962.$w()20727 830 0$aProsatori di Roma.$0(OLS)http://semarc/title/5869 850 $aSeMil 852 $aSeMil$W1$xVenegono$y1$m1Z II 235$j128479$B128479$CSeMilBibl$Z2$F139352 $81 996 $6245$aLibri 15.-20$9(OLS)http://semarc/title/255195 LEADER 01648nam a2200301 i 4500 001 000000127845 003 CaOOAMICUS 005 20070614000000.0 008 070614s1989 it u000 u ita u 013 $a100559 020 $a88-7678-059-9 040 $aSeMil$bita 100 1 $aAssociazione Italiana di Cultura Classica.$0(OLS)http://semarc/name/1731 245 10$aAtti del 2. Convegno Nazionale di studi su :$bla donna nel mondo antico : Torino, 18-19-20 Aprile 1988 /$cAssociazione Italiana di Cultura Classica Delegazione di Torino ; A cura di Renato Uglione. 260 $a[Italia] :$bRegione Piemonte, Assessorato alla Cultura,$c(Stampa 1989) 300 $a275 p. :$bill. ;$c24 cm. 490 0 $aAtti dei Convegni della Delegazione torinese dell'Associazione Italiana di Cultura Classica 500 $aFondo card. C.M. Martini. 650 4$aDonna - Antichità - Atti di congressi.$0(OLS)http://semarc/subject/25132 700 1 $aUglione, Renato,$d<1950- >.$0(OLS)http://semarc/name/35325 830 0$aAtti dei Convegni della Delegazione torinese dell'Associazione Italiana di Cultura Classica.$0(OLS)http://semarc/title/23776 850 $aSeMil 852 $aSeMil$W1$xVenegono$y1$m3S IV 20$j237627$B82097$CSeMilBibl$Z2$F124600 $81 941 1 $a4 961 $aOmaggio: Martini Card. Carlo Maria 996 $6020$a88-7678-059-9$9(OLS)http://semarc/number/114347 996 $6245$aAtti del 2. Convegno Nazionale di studi su :$bla donna nel mondo antico : Torino, 18-19-20 Aprile 1988$9(OLS)http://semarc/title/188766 996 $6260$a[Italia] :$bRegione Piemonte, Assessorato alla Cultura$9(OLS)http://semarc/publisher/34764